Nationen mit Siegen in der Formel 1 - Statistiken

Allgemein
  • Dieses Quiz wurde 223 mal gespielt
  • Das Durchschnittsergebnis liegt bei 18 aus 23
Antwortstatistiken
Siege Nation % Korrekt
179 Deutschland
100%
326 Vereinigtes Königreich
100%
101 Brasilien
96%
81 Frankreich
95%
36 Spanien
94%
71 Niederlande
93%
33 Vereinigte Staaten
89%
52 Australien
88%
46 Italien
88%
41 Österreich
87%
57 Finnland
81%
17 Kanada
79%
38 Argentinien
78%
11 Belgien
75%
8 Mexiko
73%
1 Polen
73%
12 Schweden
69%
7 Schweiz
69%
12 Neuseeland
66%
8 Monaco
59%
7 Kolumbien
51%
10 Südafrika
49%
1 Venezuela
41%
Keine übereinstimmenden Quizze gefunden
Verteilung der Resultate
Anzahl Personen mit jedem Resultat
Perzentil nach korrekt beantworteten Fragen
Ihre Resultats-Entwicklung
Sie haben dieses Quiz noch nicht gespielt